Multi-chain architektúra pre blockchain siete

Gespeichert in:
Bibliographische Detailangaben
1. Verfasser: Košťál, Kristián (Verfasst von)
Weitere Verfasser: Kotuliak, Ivan (Betreuung Doktorarbeit)
Format: Manuskript Buch
Sprache:Slowakisch
Englisch
Veröffentlicht: 2020
Schlagworte:
Online-Zugang:http://is.stuba.sk/zp/portal_zp.pl?podrobnosti=145817
Tags: Tag hinzufügen
Keine Tags, Fügen Sie das erste Tag hinzu!

MARC

LEADER 00000ntm a22000003a 4500
001 stuzp66224
003 SK-STU
005 20200926210217.4
007 ta
008 150427s2015----xo-----f-mn---000-0-slo-d
040 |a STU  |b slo 
041 0 |a eng 
100 1 |a Košťál, Kristián  |u 070400  |k Z2  |4 aut  |U FIIT Fakulta informatiky a informačných technológií  |T FIIT Ústav počítačového inžinierstva a aplikovanej informatiky  |X 52559  |U I400  |Y 672  |7 52559 
242 0 1 |a Multi-chain architektúra pre blockchain siete  |y slo 
245 1 0 |a Multi-chain architektúra pre blockchain siete 
260 |c 2020 
650 4 |a interoperabilita  |2 slo 
650 4 |a double-blockchain  |2 slo 
650 4 |a Blockchain  |2 slo 
650 4 |a cross-chain  |2 slo 
650 4 |a multi-chain  |2 slo 
650 4 |a atomické výmeny  |2 slo 
650 4 |a Blockchain  |2 eng 
650 4 |a multi-chain  |2 eng 
650 4 |a atomic swaps  |2 eng 
650 4 |a double-blockchain  |2 eng 
650 4 |a interoperability  |2 eng 
650 4 |a cross-chain  |2 eng 
700 1 |a Kotuliak, Ivan  |u 070400  |k Z1  |4 ths  |U FIIT Fakulta informatiky a informačných technológií  |T FIIT Ústav počítačového inžinierstva a aplikovanej informatiky  |X 1883  |U I400  |Y 672  |7 1883 
856 4 |u http://is.stuba.sk/zp/portal_zp.pl?podrobnosti=145817